00347nam a2200121Ia 450000500170000000800410001702000150005808200230007310000170009624500540011326000460016730000120021320241210163249.0231221s9999 xx 000 0 und d a0155176226 a791.4309 CAS;1 R aCasty, Alan. 0aDevelopment of the film : an interpretive history c1973bHarcourt Brace JovanavichaNew York axv, 425